Clic Quelques grandes dates des Jeux Olympiques - Statistiques

Statistiques générales
  • Ce quiz a été pris 17 fois
  • Le résultat moyen est 7 sur 21
Statistiques - réponses
Hint Réponse % Correct
Naissance des Jeux antiques - 776
88%
1ers Jeux modernes 1896
76%
1ère annulation des Jeux modernes 1916
76%
Attentat contre une délégation 1972
59%
1ère équipe olympique des réfugiés 2016
59%
1er 10 sur 10 en gymnastique artistique 1976
53%
1ers jeux strictement paritaires 2024
41%
Les 1ères femmes participent aux Jeux 1900
29%
1ère diffusion en couleurs et 1ère mascotte aux Jeux d'hiver 1968
29%
1ère transmission mondiale par un satellite 1964
24%
Olympiade de la République à Paris 1796
18%
1ère femme porte-drapeau (lors des jeux d'hiver) / 1ère remise des médailles sur un podium 1932
18%
1ère rediffusion des Jeux à la télévision 1936
18%
1ère transmission en direct en Europe 1956
18%
1ers Jeux paralympiques 1960
18%
1ers Jeux d'hiver et 1er village olympique 1924
12%
1ère remise de médailles d'or, d'argent et de bronze 1904
6%
1ère cérémonie d'ouverture avec défilé des athlètes 1908
6%
1ère apparition des cinq anneaux 1920
6%
Les athlètes d'un pays sont hébergés dans un village à part 1952
6%
1ers Jeux avec des sportifs des 5 continents 1912
0%
Aucun quiz correspondant
Distribution des résultats
% des personnes avec chaque résultat
Percentile par nombre de réponses
Votre historique - résultats
Vous n’avez pas pris ce quiz